Statistiken für Hauptstädte am nächsten an Riad

Klicken Sie hier um das Quiz zu spielen!

Allgemein

  • Dieses Quiz wurde 71 mal gespielt
  • Das Durchschnittsergebnis liegt bei 16 aus 20

Antwortstatistiken

kmHauptstadt% Korrekt
1637Kairo
97%
980Bagdad
95%
1370Jerusalem
95%
535Kuwait-Stadt
92%
1303Teheran
92%
780Abu Dhabi
90%
1324Amman
90%
1406Damaskus
88%
1488Beirut
87%
494Doha
83%
1198Maskat
83%
1072Sanaa
83%
1509Dschibuti
77%
428Manama
73%
1771Baku
72%
1733Jerewan
70%
1320Asmara
68%
1729Nikosia
67%
1794Khartum
63%
1838Aşgabat
43%

Verteilung der Resultate

Perzentil nach korrekt beantworteten Fragen

Anzahl Personen mit jedem Resultat

Ihre Resultats-Entwicklung

Sie haben dieses Quiz noch nicht gespielt